00752nem a2200181 u 450000500170000000800410001704000250005804100080008304400070009111000820009824501980018025500130037826000980039130000320048965000160052165000150053765000180055220200104041742.0160504b2003 c ||||| |a|| 00| 0 spa d aCO-BoIAVHcCO-BoIAVH aspa ack2 aInstituto de Investigación de Recursos Biológicos Alexander von Humboldt.1 aZonificación ambiental de la microcuenca de Chaina municipio de Villa de Leyva bProyecto mecanismos de manejo colectivo de los bienes y servicios de la microcuenca de Chaina - Villa de Leyba a1:10.000 aBogotábInstituto de Investigación de Recursos Biológicos Alexander von Humboldt.c2003 a1 mapa.bcolor c70 x 49 cm06aGeografía06aCarreteras06aHidrografía